01347nam a2200301 a 450000100060000000300080000600500170001400800410003102000150007202000150008703500190010204000350012104100080015608200240016424501470018826000630033530000320039850002240043050400380065465000390069265000340073170000300076570000290079570000300082494200120085499900170086695201620088366566BD-RjUL20211209081545.0170318s2001 nyua 101 0 eng d a0415271983 a0132204681 a(BD-RjUL)66696 aBD-RjULbengcBD-RjULdBD-RjUL aeng 223a615.6bDRU 200100aDrug delivery and targeting :bfor pharmacists and pharmaceutical scientists /cEdited by Anya M Hillery, Andrew W Lloyd and James Swarbrick. aNew York ;aLondon :bEllis Horwood,cc2001 [reprint 2010] axv, 475p. :bill. ;c23 cm. aBased on the manuscripts of the invited speakers of a symposium entitled "Overcoming cellular barriers to drug targeting and delivery", held at the Center for Bio-Pharmaceutical Sciences, Leiden University, in May 1991. aIncludes bibliographies and index 0aDrug targetingxCongresses9197036 0aDrug delivery systems91970371 aHillery, Anya M. 91970381 aLloyd, Andrew W.91970391 aSwarbrick, James.9197040 2ddccBK c66566d66566 00102ddc40718NFICaRUCLbRUCLcReadingd2011-03-12eDhaka, Paragon Enterprises Ltd.g1295.00l0o615.6 DRU 2010r2017-03-18 00:00:00tC-1w2021-12-09yBK